<?xml version="1.0" encoding="UTF-8"?>
<record
    xmlns:xsi="http://www.w3.org/2001/XMLSchema-instance"
    xsi:schemaLocation="http://www.loc.gov/MARC21/slim http://www.loc.gov/standards/marcxml/schema/MARC21slim.xsd"
    xmlns="http://www.loc.gov/MARC21/slim">

  <leader>01132nac a22001811u 4500</leader>
  <controlfield tag="008">110111s2003    xxu||||| |||| 00| 0 ara d</controlfield>
  <datafield tag="082" ind1=" " ind2=" ">
    <subfield code="a">616.462</subfield>
    <subfield code="b">&#x643; &#x64A; &#x641;</subfield>
  </datafield>
  <datafield tag="110" ind1="1" ind2=" ">
    <subfield code="a">&#x648;&#x632;&#x627;&#x631;&#x629; &#x627;&#x644;&#x635;&#x62D;&#x629;</subfield>
    <subfield code="9">21901</subfield>
  </datafield>
  <datafield tag="245" ind1=" " ind2=" ">
    <subfield code="a">&#x643;&#x64A;&#x641; &#x62A;&#x639;&#x64A;&#x634; &#x62D;&#x64A;&#x627;&#x629; &#x623;&#x641;&#x636;&#x644; &#x645;&#x639; &#x645;&#x631;&#x636; &#x627;&#x644;&#x633;&#x643;&#x631; &#x61F; :</subfield>
    <subfield code="b">&#x643;&#x62A;&#x64A;&#x628; &#x627;&#x644;&#x62A;&#x62B;&#x642;&#x64A;&#x641; &#x627;&#x644;&#x635;&#x62D;&#x64A; &#x644;&#x645;&#x631;&#x636;&#x649; &#x627;&#x644;&#x633;&#x643;&#x631; /</subfield>
    <subfield code="c">&#x625;&#x639;&#x62F;&#x627;&#x62F; &#x644;&#x62C;&#x646;&#x629; &#x628;&#x631;&#x646;&#x627;&#x645;&#x62C; &#x631;&#x639;&#x627;&#x64A;&#x629; &#x645;&#x631;&#x636;&#x649; &#x627;&#x644;&#x633;&#x643;&#x631;  &#x61B; &#x625;&#x634;&#x631;&#x627;&#x641; &#x627;&#x644;&#x625;&#x62F;&#x627;&#x631;&#x629; &#x627;&#x644;&#x645;&#x631;&#x643;&#x632;&#x64A;&#x629; &#x644;&#x644;&#x631;&#x639;&#x627;&#x64A;&#x629; &#x627;&#x644;&#x635;&#x62D;&#x64A;&#x629; &#x627;&#x644;&#x623;&#x648;&#x644;&#x64A;&#x629; &#x60C; &#x644;&#x64A;&#x644;&#x649; &#x627;&#x644;&#x62F;&#x648;&#x633;&#x631;&#x64A;</subfield>
  </datafield>
  <datafield tag="260" ind1=" " ind2=" ">
    <subfield code="a">&#x627;&#x644;&#x643;&#x648;&#x64A;&#x62A; :</subfield>
    <subfield code="b">&#x645;&#x624;&#x633;&#x633;&#x629; &#x627;&#x644;&#x643;&#x648;&#x64A;&#x62A; &#x644;&#x644;&#x62A;&#x642;&#x62F;&#x645; &#x627;&#x644;&#x639;&#x644;&#x645;&#x64A; &#x60C;</subfield>
    <subfield code="c">2003.</subfield>
  </datafield>
  <datafield tag="300" ind1=" " ind2=" ">
    <subfield code="a">80 &#x635; :</subfield>
    <subfield code="b">&#x627;&#x64A;&#x636; &#x644;&#x648; &#x61B;</subfield>
    <subfield code="c">20 &#x633;&#x645;.</subfield>
  </datafield>
  <datafield tag="541" ind1=" " ind2=" ">
    <subfield code="a">&#x625;&#x647;&#x62F;&#x627;&#x621; &#x61B;</subfield>
    <subfield code="c">&#x645;&#x643;&#x62A;&#x628;&#x629; &#x627;&#x644;&#x625;&#x633;&#x643;&#x646;&#x62F;&#x631;&#x64A;&#x629; &#x61B;</subfield>
  </datafield>
  <datafield tag="650" ind1=" " ind2=" ">
    <subfield code="a">&#x645;&#x631;&#x636; &#x627;&#x644;&#x633;&#x643;&#x631;</subfield>
    <subfield code="9">21905</subfield>
    <subfield code="x">&#x627;&#x644;&#x62C;&#x648;&#x627;&#x646;&#x628; &#x627;&#x644;&#x635;&#x62D;&#x64A;&#x629;</subfield>
  </datafield>
  <datafield tag="650" ind1=" " ind2=" ">
    <subfield code="a">&#x627;&#x644;&#x623;&#x646;&#x633;&#x648;&#x644;&#x64A;&#x646;</subfield>
    <subfield code="9">21972</subfield>
  </datafield>
  <datafield tag="650" ind1=" " ind2=" ">
    <subfield code="a">&#x645;&#x631;&#x636; &#x627;&#x644;&#x633;&#x643;&#x631;</subfield>
    <subfield code="9">21906</subfield>
    <subfield code="x">&#x627;&#x644;&#x62C;&#x648;&#x627;&#x646;&#x628; &#x627;&#x644;&#x63A;&#x630;&#x627;&#x626;&#x64A;&#x629;</subfield>
  </datafield>
  <datafield tag="942" ind1=" " ind2=" ">
    <subfield code="c">BB</subfield>
    <subfield code="k">616.462 &#x643; &#x64A; &#x641;</subfield>
    <subfield code="2">ddc</subfield>
  </datafield>
  <datafield tag="999" ind1=" " ind2=" ">
    <subfield code="c">7550</subfield>
    <subfield code="d">7550</subfield>
  </datafield>
  <datafield tag="952" ind1=" " ind2=" ">
    <subfield code="0">0</subfield>
    <subfield code="1">0</subfield>
    <subfield code="2">ddc</subfield>
    <subfield code="4">0</subfield>
    <subfield code="7">0</subfield>
    <subfield code="8">Donation-G</subfield>
    <subfield code="a">MAIN</subfield>
    <subfield code="b">MAIN</subfield>
    <subfield code="c">1ST</subfield>
    <subfield code="d">2008-01-28</subfield>
    <subfield code="e">Donation</subfield>
    <subfield code="o">616.462 &#x643; &#x64A; &#x641;</subfield>
    <subfield code="p">000009137</subfield>
    <subfield code="r">2025-07-15 00:00:00</subfield>
    <subfield code="y">BB</subfield>
  </datafield>
</record>
